Organizational communication : (Record no. 480767)
[ view plain ]
| 000 -LEADER | |
|---|---|
| fixed length control field | 00970pam a2200277 a 4500 |
| 001 - CONTROL NUMBER | |
| control field | 1998030 |
| 003 - CONTROL NUMBER IDENTIFIER | |
| control field | ASAB |
| 005 - DATE AND TIME OF LATEST TRANSACTION | |
| control field | 20180827062824.0 |
| 008 - FIXED-LENGTH DATA ELEMENTS--GENERAL INFORMATION | |
| fixed length control field | 900306s1991 nyua b 001 0 eng |
| 010 ## - LIBRARY OF CONGRESS CONTROL NUMBER | |
| LC control number | 90033629 |
| 020 ## - INTERNATIONAL STANDARD BOOK NUMBER | |
| International Standard Book Number | 0060423153 |
| 040 ## - CATALOGING SOURCE | |
| Transcribing agency | ASAB |
| 050 00 - LIBRARY OF CONGRESS CALL NUMBER | |
| Classification number | HD30.3 |
| Item number | .G52 1991 |
| 082 00 - DEWEY DECIMAL CLASSIFICATION NUMBER | |
| Classification number | 658.45 |
| Edition number | 20 |
| 100 1# - MAIN ENTRY--PERSONAL NAME | |
| Personal name | Gibson, Jane W. |
| 9 (RLIN) | 3645 |
| 245 10 - TITLE STATEMENT | |
| Title | Organizational communication : |
| Remainder of title | a managerial perspective / |
| Statement of responsibility, etc. | Jane Whitney Gibson, Richard M. Hodgetts. |
| 250 ## - EDITION STATEMENT | |
| Edition statement | second ed. |
| 260 ## - PUBLICATION, DISTRIBUTION, ETC. | |
| Place of publication, distribution, etc. | Rawalpindi |
| Name of publisher, distributor, etc. | Printed by : S.T Printers Rawalpindi |
| Date of publication, distribution, etc. | c1991. |
| 300 ## - PHYSICAL DESCRIPTION | |
| Extent | 494 p. : |
| Dimensions | 24 cm. |
| 504 ## - BIBLIOGRAPHY, ETC. NOTE | |
| Bibliography, etc. note | Includes bibliographical references and indexes. |
| 650 #0 - SUBJECT ADDED ENTRY--TOPICAL TERM | |
| Topical term or geographic name entry element | Communication in management. |
| 9 (RLIN) | 3646 |
| 650 #0 - SUBJECT ADDED ENTRY--TOPICAL TERM | |
| Topical term or geographic name entry element | Communication in organizations. |
| 9 (RLIN) | 3647 |
| 906 ## - LOCAL DATA ELEMENT F, LDF (RLIN) | |
| a | 7 |
| b | cbc |
| c | orignew |
| d | 1 |
| e | ocip |
| f | 19 |
| g | y-gencatlg |
| 942 ## - ADDED ENTRY ELEMENTS (KOHA) | |
| Source of classification or shelving scheme | |
| Koha item type | Book |
| Withdrawn status | Lost status | Source of classification or shelving scheme | Damaged status | Not for loan | Collection code | Permanent Location | Current Location | Date acquired | Total Checkouts | Full call number | Barcode | Date last seen | Price effective from | Koha item type |
|---|---|---|---|---|---|---|---|---|---|---|---|---|---|---|
| Atta-ur-Rahman School of Applied Biosciences (ASAB) | Atta-ur-Rahman School of Applied Biosciences (ASAB) | 04/25/2018 | 658.45 GIB | ASAB181 | 04/25/2018 | 04/25/2018 | Book | |||||||
| Atta-ur-Rahman School of Applied Biosciences (ASAB) | Atta-ur-Rahman School of Applied Biosciences (ASAB) | 04/25/2018 | 658.45 GIB | ASAB180 | 04/25/2018 | 04/25/2018 | Book |
